Normal view
MARC view
- Religious life
Entry Topical Term
001 - CONTROL NUMBER
- control field: 82309
003 - CONTROL NUMBER IDENTIFIER
- control field: NUST
005 - DATE AND TIME OF LATEST TRANSACTION
- control field: 20210909105816.0
008 - FIXED-LENGTH DATA ELEMENTS
- fixed length control field: 210909|| aca||aabn | a|a d
040 ## - CATALOGING SOURCE
- Original cataloging agency: NUST
- Transcribing agency: NUST
150 ## - HEADING--TOPICAL TERM
- Topical term or geographic name entry element: Religious life
- General subdivision: Sufism
670 ## - SOURCE DATA FOUND
- Source citation: Work cat.: (NUST)32311: Frembgen, Jürgen Wasim. 82307, Journey to God :, 2008.
